[Event "Frankfurt-chA"]
[Site "Frankfurt"]
[Date "2019.05.27"]
[Round "5"]
[White "Casagrande, Thomas"]
[Black "Kohani, Sohrab"]
[Result "1-0"]
[WhiteElo "1952"]
[BlackElo "1714"]
[PlyCount "67"]
[EventDate "2019.04.29"]
[EventType "swiss"]
[EventRounds "7"]
[EventCountry "GER"]
[SourceTitle "EXT 2020"]
[Source "ChessBase"]
[SourceDate "2019.10.17"]
[SourceVersion "1"]
[SourceVersionDate "2019.10.17"]
[SourceQuality "1"]

1. e4 c6 2. d4 d5 3. e5 Bf5 4. Nf3 e6 5. Be2 Nd7 6. 0-0 h5 7. b3 g6 8. c4 b6 9. Nc3 Nh6 10. Bd2 Bg4 11. cxd5 cxd5 12. Nb5 a6 13. Bg5 Qb8 14. Nc3 Nf5 15. h3 Bxf3 16. Bxf3 Bg7 17. Qd2 Qb7 18. Rfe1 Rc8 19. Rac1 Nb8 20. g4 hxg4 21. hxg4 Ne7 22. Kg2 Nbc6 23. Bf6 Kf8 24. Rh1 Rxh1 25. Rxh1 Ng8 26. g5 Nge7 27. Bg4 Nf5 28. Bxf5 gxf5 29. Rh7 Bxf6 30. gxf6 Ke8 31. Qg5 Nd8 32. Qg8+ Kd7 33. Rxf7+ Nxf7 34. Qxf7+ 1-0

[Event "Frankfurt-chA"]
[Site "Frankfurt"]
[Date "2019.05.20"]
[Round "4"]
[White "Kohani, Sohrab"]
[Black "Bagatsch, Thomas"]
[Result "0-1"]
[WhiteElo "1714"]
[BlackElo "1973"]
[PlyCount "98"]
[EventDate "2019.04.29"]
[EventType "swiss"]
[EventRounds "7"]
[EventCountry "GER"]
[SourceTitle "EXT 2020"]
[Source "ChessBase"]
[SourceDate "2019.10.17"]
[SourceVersion "1"]
[SourceVersionDate "2019.10.17"]
[SourceQuality "1"]

1. e4 e5 2. Nf3 Nc6 3. d4 exd4 4. Bc4 Nf6 5. 0-0 d6 6. Nxd4 Be7 7. Nc3 0-0 8. h3 Re8 9. Be3 Bd7 10. Re1 a6 11. a4 Bf8 12. Bg5 h6 13. Nxc6 Bxc6 14. Bxf6 Qxf6 15. Bd5 g6 16. Re3 Bxd5 17. Nxd5 Qd8 18. Qd3 Bg7 19. c3 c6 20. Nb4 a5 21. Nc2 Qb6 22. Nd4 Re7 23. Rb1 Rae8 24. g3 d5 25. exd5 Rxe3 26. fxe3 cxd5 27. b3 h5 28. Re1 Re4 29. Qb5 Qc7 30. Ne2 Rxe3 31. Qxd5 Qe7 32. Kf2 Bxc3 33. Nxc3 Rxe1 34. Qd3 Re5 35. Nd5 Qd6 36. Nf4 Qxd3 37. Nxd3 Re7 38. Nb2 b5 39. axb5 Rb7 40. b6 Rxb6 41. Nc4 Rb5 42. h4 Kg7 43. Nd2 Kf6 44. Ke3 Kf5 45. Kf2 Kg4 46. Kg2 Rc5 47. Nc4 Rxc4 48. bxc4 Kf5 49. Kf3 a4 0-1